LEADER 02545cam0-22007211i-450- 001 990001313220403321 005 20090401125612.0 010 $a88-214-0409-9$bvol. 1, parte 2 010 $a88-214-0408-0$bvol. 2, parte 2 010 $a88-214-0405-6$bvol. 1, parte 1 010 $a88-214-0407-2$bvol. 2, parte 2 010 $a88-214-0406-4$bvol. 3 035 $a000131322 035 $aFED01000131322 035 $a(Aleph)000131322FED01 035 $a000131322 100 $a20001205g19851991km-y0itay50------ba 101 2 $aita$aeng 102 $aIT 105 $aa-------001yy 200 1 $a<>fisica di Feynman$fRichard P. Feynman, Robert B. Leighton, Matthew Sands 210 $aMilano [etc.]$cMasson$dc1985-1991 215 $a3 v. in 5$cill.$d21x26 cm 327 1 $a1.: Principalmente sulla meccanica, radiazione, e calore = Mainly mechanics, radiation, and heat / traduzione a cura di E. Clementel, S. Focardi e L. Monari ; coordinatore: M. Cresti$a2.: Principalmente elettromagnetismo e struttura della materia = Mainly electromagnetism and matter / traduzione a cura di S. Franchetti ; coordinatore: G. Toraldo di Francia$a3.: Meccanica quantistica = Quantum mechanics / traduzione a cura di G. Altarelli e C. Chiuderi ; coordinatore G. Toraldo Di Francia 610 0 $aFisica 610 0 $aRadiazione 610 0 $aElettromagnetismo 610 0 $aMateria$aStruttura 610 0 $aMeccanica quantistica 676 $a531 676 $a530.12 676 $a530 700 1$aFeynman,$bRichard Phillips$046772 701 1$aLeighton,$bRobert B.$0757 701 1$aSands,$bMatthew$0758 801 0$aIT$bUNINA$gRICA$2UNIMARC 901 $aBK 912 $a990001313220403321 952 $aBF-73-0018(1-2$b16525$fMA1 952 $aBF-73-0018(1-1$b16523$fMA1 952 $aBF-73-0019(1-1$b16524$fMA1 952 $aBF-73-0019(1-2$b16526$fMA1 952 $a13 N 33 04$b2522$fFINBC 952 $a13 N 33 05$b2473$fFINBC 952 $a13 H 11 01$b143$fFINBC 952 $a13 N 33 08$b2475$fFINBC 952 $aBF-73-0018(3$b16530$fMA1 952 $aBF-73-0019(3$b16531$fMA1 952 $aBF-73-0018(2-2$b16528$fMA1 952 $aBF-73-0018(2-1$b16527$fMA1 952 $aBF-73-0019(2-1$b16925$fMA1 952 $aBF-73-0019(2-2$b16529$fMA1 959 $aMA1 959 $aFINBC 962 $a70-01 962 $a78-01 962 $a80-01 962 $a81-01 962 $a81SXX 962 $a82-01 962 $a73-01 996 $aFisica di Feynman$981072 997 $aUNINA LEADER 02240nas 2200649-a 450 001 9910893000003321 005 20260218112737.0 011 $a2464-0077 035 $a(CKB)991042724313918 035 $a(CONSER)---53034682- 035 $a(DE-599)ZDB2981982-9 035 $a(DE-599)2981982-9 035 $a(EXLCZ)99991042724313918 100 $a19840208a19219999 --- b 101 0 $aslv 181 $ctxt$2rdacontent 182 $cc$2rdamedia 183 $acr$2rdacarrier 200 00$aZbornik znanstvenih razprav 210 $aV Ljubljani [Ljubljana] $cSamozalo?ba$d1921- 215 $a1 online resource 300 $a1938-1941 have added t.p. in French; 1942-1943 in Italian. 300 $aImprint varies. 311 08$aPrint version: Zbornik znanstvenih razprav. 0351-8914 (DLC) 53034682 (OCoLC)10389599 517 1 $aTravaux et articles 517 1 $aRaccolta di studi scientifici 606 $aLaw$vPeriodicals 606 $aLaw$zSlovenia$vPeriodicals 606 $aLaw$zYugoslavia$vPeriodicals 606 $aLaw$2fast$3(OCoLC)fst00993678 606 $aRecht$2gtt 606 $aRecht$2gnd$3(DE-601)106189719 606 $aSlowenien$3(DE-601)091389496$3(DE-STW)18226-5$2stw 606 $aRechtswissenschaft$3(DE-601)091385717$3(DE-STW)15976-5$2stw 607 $aSlovenia$2fast 607 $aYugoslavia$2fast 608 $aLaw reviews.$2lcgft 608 $aPeriodicals.$2fast 608 $aZeitschrift.$2gnd 615 0$aLaw 615 0$aLaw 615 0$aLaw 615 7$aLaw. 615 17$aRecht. 615 7$aRecht. 615 7$aSlowenien 615 7$aRechtswissenschaft 712 02$aUniverza Srbov, Hrvatov in Slovencev v Ljubljani.$bJuridic?na fakulteta.$bProfesorski zbor. 712 02$aUniverza kralja Aleksandra Prvega v Ljubljani.$bJuridic?na fakulteta.$bProfesorski zbor. 712 02$aKr. univerza v Ljubljani.$bJuridic?na fakulteta v Ljubljani.$bProfesorski zbor. 712 02$aUniverza v Ljubljani.$bPravna fakulteta. 712 02$aUniverza Edvarda Kardelja v Ljubljani.$bPravna fakulteta. 906 $aJOURNAL 912 $a9910893000003321 920 $aexl_impl conversion 996 $aZbornik Znanstvenih Razprav$91901120 997 $aUNINA